00686nam a2200241 a 4500001001300000003000900013005001700022008004100039020001000080082001600090100001800106245002500124260003700149300000900186500003500195505003000230650002000260700001800280902000800298942000700306952011600313999001500429nice12345678IN_TiNIC20260116011955.0050524s1884 luca grp 000 0 per  ac10000a491.55bBUR aBurhanud, Din aHal-E-Tarkib-E-Kafia aLucknowbMatba Noolkishorec1884 a343p aincludes index and biblioraphy2 a3 volumes bound together. aPersian Grammar1 aBurhanud, Din bSRS cBK 001040708StackRoom-aHMIbHMId2007-06-12g100.00l0o491.55 BURp07102r2007-06-12v100.00w2005-05-24yBK c5126d5126